000
00244nam a2200097Ia 4500
001
1089135
005
20250827002731.0
008
250824s9999 xx 000 0 und d
245
0
_a
ETME
_c
MEVLANA CELALETTİNİ RUMİ
260
_b
PANAMA YAYINLARI
999
_c
1089135
_d
1089135